Plants in perspective /
Salvato in:
| Autore principale: | |
|---|---|
| Altri autori: | , |
| Natura: | Sách giấy |
| Lingua: | English |
| Pubblicazione: |
San Francisco ; London :
W. H. Freeman and Company,
1964.
|
| Tags: |
Aggiungi Tag
Nessun Tag, puoi essere il primo ad aggiungerne! !
|
| Thư viện lưu trữ: | Thư viện Trường Đại học Đà Lạt |
|---|
| LEADER | 00746nam a2200289 4500 | ||
|---|---|---|---|
| 001 | DLU100113069 | ||
| 005 | ##2010119 | ||
| 040 | # | # | |a DLU |b vie |
| 041 | # | # | |a eng |
| 044 | # | # | |a us |
| 082 | # | # | |a 581.072 4 |b NE-E |
| 100 | # | # | |a Newcomb, Eldon H. |
| 245 | # | # | |a Plants in perspective / |c Eldon H. Newcomb, Gerald C. Gerloff, William F. Whittingham. |
| 260 | # | # | |a San Francisco ; |a London : |b W. H. Freeman and Company, |c 1964. |
| 300 | # | # | |a 218 p. ; |c 28 cm. |
| 700 | # | # | |a Gerloff, Gerald C. |
| 700 | # | # | |a Whittingham, William F. |
| 923 | # | # | |a 100/2010 |
| 992 | # | # | |a 0 |
| 994 | # | # | |a DLU |
| 900 | # | # | |a True |
| 911 | # | # | |a Lý Thị Hồng Hạnh |
| 925 | # | # | |a G |
| 926 | # | # | |a A |
| 927 | # | # | |a SH |
| 980 | # | # | |a Thư viện Trường Đại học Đà Lạt |